Wszystkie języki germańskie (z mapą) - Statystyki

Ogólne statystyki
  • Ten quiz został rozwiązany 3 360 razy
  • Średni wynik to 10 z 25
Odpowiedzi na mapie
Odpowiedzi zakodowano w zielono-czerwonej skali na mapie do tego quizu, zgodnie z poniższymi procentami.
 
Statystyki odpowiedzi
Grupa Dialekt Liczba
mówiących językiem
Język/dialekt % Poprawnych
zachodniogermańskie - 360 mln angielski
97%
zachodniogermańskie - 95 mln niemiecki
97%
północnogermańskie - 5,2 mln norweski
95%
północnogermańskie - 5,5 mln duński
94%
północnogermańskie - 330 tys islandzki
92%
zachodniogermańskie - 24 mln niderlandzki
92%
północnogermańskie - 11 mln szwedzki
92%
zachodniogermańskie niemieckiego 11 tys śląski
83%
zachodniogermańskie niemieckiego 14 mln bawarski
52%
zachodniogermańskie - 7,2 mln afrikaans
41%
zachodniogermańskie niemieckiego 5,0 mln szwajcarski (dialekt niemieckiego)
28%
północnogermańskie - 66 tys farerski
23%
zachodniogermańskie niemieckiego 336 tys luksemburski
21%
zachodniogermańskie - 70 wilamowski
12%
zachodniogermańskie niemieckiego 1 mln dolnoniemiecki
11%
zachodniogermańskie niemieckiego 820 tys szwabski
9%
zachodniogermańskie angielskiego 110 tys scots
8%
zachodniogermańskie fryzyjskiego 470 tys zachodniofryzyjski
7%
zachodniogermańskie niemieckiego 4,9 mln frankoński
5%
zachodniogermańskie fryzyjskiego 2 tys wschodniofryzyjski
5%
zachodniogermańskie niemieckiego 2 mln górnosaksoński
4%
zachodniogermańskie niderlandzkiego 1,3 mln limburski
4%
zachodniogermańskie fryzyjskiego 10 tys północnofryzyjski
4%
zachodniogermańskie niemieckiego 1 mln palatynacki
3%
zachodniogermańskie niemieckiego 900 tys rypuaryjski
2%
Nie znaleziono quizów pasujących do podanych kryteriów
Rozkład punktacji
Procent ludzi z każdym wynikiem
Percentyl według liczby udzielonych odpowiedzi
Twoja historia wyników
Nie rozwiązałeś tego quizu